Selected Poems of Matthew Arnold (Record no. 252)

MARC details
000 -LEADER
fixed length control field 00468nam a2200181Ia 4500
003 - CONTROL NUMBER IDENTIFIER
control field OSt
005 - DATE AND TIME OF LATEST TRANSACTION
control field 20220402110244.0
008 - FIXED-LENGTH DATA ELEMENTS--GENERAL INFORMATION
fixed length control field 211109s9999||||xx |||||||||||||| ||und||
040 ## - CATALOGING SOURCE
Transcribing agency sbcl
082 ## - DEWEY DECIMAL CLASSIFICATION NUMBER
Classification number 821
Item number ARN-S
100 ## - MAIN ENTRY--PERSONAL NAME
Personal name Arnold, Mathew
245 #0 - TITLE STATEMENT
Title Selected Poems of Matthew Arnold
260 ## - PUBLICATION, DISTRIBUTION, ETC.
Name of publisher, distributor, etc. Bpbpublishers
Place of publication, distribution, etc. Ernakulam
Date of publication, distribution, etc. 1900
300 ## - PHYSICAL DESCRIPTION
Extent 1029p
630 ## - SUBJECT ADDED ENTRY--UNIFORM TITLE
General subdivision Reference Reading Room
650 ## - SUBJECT ADDED ENTRY--TOPICAL TERM
Topical term or geographic name entry element Computer
942 ## - ADDED ENTRY ELEMENTS (KOHA)
Koha item type BOOK
650 ## - SUBJECT ADDED ENTRY--TOPICAL TERM
Form subdivision Data Processing
General subdivision Computer Science
Holdings
Withdrawn status Lost status Source of classification or shelving scheme Damaged status Not for loan Home library Current library Date acquired Cost, normal purchase price Total Checkouts Full call number Barcode Shelving location Date last seen Date last checked out Price effective from Koha item type
    Dewey Decimal Classification     SB LIBRARY SB LIBRARY 09/11/2021 100.00 3 821 ARN-S 00000247 REFERENCE READING ROOM 13/03/2024 13/03/2024 09/11/2021 BOOK

Powered by Koha